000 01622nam2a22003011 4500
001 v19\rc\1335773
005 20260122124513.0
035 _a(NLR Aleph) 004485400
090 _a4624786
_c4624786
100 _a20060512d1854 u y0rusy50 ca
101 1 _arus
_cita
102 _aRU
105 _ay z |||||
200 0 _aЧасть 2
215 _a[2], 140 с.
225 1 _aБиблиотека романов, повестей, путешествий и записок, издаваемая Н.Н. Улитиным
_vВып. 7, т. 2
461 0 _1001v19\rc\1335771
_12001#$aОбрученные$eМедиоланская быль XVIII [!XVII] столетия, найденная и переделанная Александром Манзони$fперевод с итальянского В. С. Межевича$vЧасть 2
_1700#1$aМандзони$bА.$f1785-1873$gАлессандро$3RU\NLR\AUTH\7785083
_94624778
_aМандзони, А. (1785-1873)
_cМосква
_d1854
_fперевод с итальянского В.С. Межевича
_nВ Университетской типографии
_oМедиоланская быль XVIII [!XVII] столетия, найденная и переделанная Александром Манзони : [ч. 1-4]
_p4 т.
_tОбрученные
_vЧасть 2
801 0 _aRU
_bNLR
_gpsbo
801 0 _aRU
_bRuMoRGB
_2psbo
801 1 _aRU
_bProSoft-M
_2rusmarc
852 _aNLR
_j18.226.2.38(2)
852 _aNLR
_j18.266.4.43(2)
899 _aRuMoRGB
_jP 18/45
899 _aRuMoRGB
_jP 27/277
899 _aБАН
942 _cBOOK
980 _aNB